| 000 | 00657nam a22001817a 4500 | ||
|---|---|---|---|
| 999 |
_c13430 _d13430 |
||
| 008 | 190314b ||||| |||| 00| 0 eng d | ||
| 020 | _a9781118796399 | ||
| 082 |
_22014 _aAV-Eb 665.53827 _bS774 |
||
| 100 |
_aSrivastava,Som Prakash. _937577 |
||
| 245 |
_aFuels and Fuel-Additives / _hSom Prakash Srivastava and Jenõ Hancsók |
||
| 260 |
_aCanada: _bJohn Wiley & Sons, Incorporated, _c©2014. |
||
| 300 | _a376 pages; | ||
| 500 | _aIncludes index. | ||
| 650 |
_aMotor fuels - Additives _937578 |
||
| 700 |
_aHancsók, Jenõ . _937579 |
||
| 856 | _yhttps://ebookcentral.proquest.com/lib/uniofmindanao-ebooks/detail.action?docID=1598818 | ||
| 942 |
_2ddc _cEB |
||